Ιστορία της αρχαίας ελληνικής λογοτεχνίας
Αποθηκεύτηκε σε:
| Κύριος συγγραφέας: | |
|---|---|
| Άλλοι συγγραφείς: | , , , |
| Μορφή: | Βιβλίο |
| Γλώσσα: | Greek English |
| Δημοσίευση: |
Αθήνα :
Παπαδήμας,
1994.
|
| Έκδοση: | 2η έκδ. αναθ. |
| Θέματα: | |
| Ετικέτες: |
Προσθήκη ετικέτας
Δεν υπάρχουν, Καταχωρήστε ετικέτα πρώτοι!
|
MARC
| LEADER | 00000cam a2200000 i 4500 | ||
|---|---|---|---|
| 001 | 1/83352 | ||
| 008 | 990602s1994 gr | ||| |||| ||gre|| | ||
| 020 | |a 9602060824 | ||
| 035 | |l 10051327 | ||
| 040 | |a GR-MyUa |b gre |e AACR2 | ||
| 041 | 1 | |a gre |h eng | |
| 082 | 7 | |a 880.09 |2 (22) | |
| 100 | 1 | |a Easterling, P. E. | |
| 245 | 1 | 0 | |a Ιστορία της αρχαίας ελληνικής λογοτεχνίας / |c P. E. Easterling, B. M. W. Knox ; μετάφραση: Ν. Κονομή, Χρ. Γρίμπα, Μ. Κονομή. |
| 250 | |a 2η έκδ. αναθ. | ||
| 260 | |a Αθήνα : |b Παπαδήμας, |c 1994. | ||
| 300 | |a 1149 σ. ; |c 25 εκ. | ||
| 500 | |a Τίτλος πρωτοτύπου: Greek literature. | ||
| 650 | 0 | |a Greek literature |x History and criticism. | |
| 700 | 1 | |a Knox, Bernard, |d 1914-2010. | |
| 700 | 1 | |a Κονομή, Μαρία, |e trlf | |
| 700 | 1 | |a Γρίμπα, Χριστίνα, |e trlf | |
| 700 | 1 | |a Κονομής, Νίκος Κ. |e trl | |
| 852 | |a INST |b RHODES |e 19990602 |h 880.09 EAS |p 005400015077 |q 005400015077 |t BK |y 0 | ||
| 901 | |a BIBL4-1999-2 | ||
| 922 | |a 4ΕΛΗ |b 199903 |c ΚΠΣ/ΔΕ |d EMVASIS | ||
| 970 | |z 02/06/1999 | ||